| 000 | 00681cam a22002293a 4500 | ||
|---|---|---|---|
| 001 | 20417 | ||
| 003 | PGUSA | ||
| 005 | 20140828083431.0 | ||
| 008 | 070122s2007||||xxu|||||s|||||000 | eng d | ||
| 040 |
_aPGUSA _beng |
||
| 042 | _adc | ||
| 050 | 4 | _aQ | |
| 100 | 1 |
_aThomson, J. Arthur _q(John Arthur), _d1861-1933 |
|
| 245 | 1 | 4 |
_aThe Outline of Science, Vol. 1 (of 4) : _bA Plain Story Simply Told _h[electronic resource] / _cJ. Arthur Thomson |
| 260 |
_bProject Gutenberg, _c2007 |
||
| 506 | _aPublic domain in the USA. | ||
| 516 | _aElectronic text | ||
| 653 | _aScience | ||
| 830 | 0 |
_aProject Gutenberg _v20417 |
|
| 856 | 4 | 0 | _uhttp://www.gutenberg.org/ebooks/20417 |
| 942 | _cEB | ||
| 999 |
_c249672 _d249672 |
||